Globaľnyje problemy sovremennosti
Gespeichert in:
| Format: | Buch |
|---|---|
| Sprache: | Russisch |
| Veröffentlicht: |
Moskva :
Mysľ,
1981
|
| Tags: |
Keine Tags, Fügen Sie das erste Tag hinzu!
|
MARC
| LEADER | 00000nam a22000003a 4500 | ||
|---|---|---|---|
| 001 | stu88830 | ||
| 005 | 20141121201727.6 | ||
| 008 | 040714s1981------------------------rus-d | ||
| 040 | |a STU |b slo | ||
| 041 | 0 | |a rus | |
| 080 | |a 100.58 | ||
| 245 | |a Globaľnyje problemy sovremennosti | ||
| 260 | |a Moskva : |b Mysľ, |c 1981 | ||
| 300 | |a 284 s | ||
| 996 | |b E49487 |c E*49487 |l EE06 |s P |a 0 |w stu88830_0001 | ||